| 000 | 00732nam a2200253Ia 4500 | ||
|---|---|---|---|
| 003 | OSt | ||
| 005 | 20220928124553.0 | ||
| 006 | a|||||r|||| 00| 0 | ||
| 007 | ta | ||
| 008 | 220927b |||||||| |||| 00| 0 eng d | ||
| 024 | _a35432 | ||
| 037 | _cTextual | ||
| 040 |
_aSDCL _cSDCL _beng |
||
| 041 |
_2eng _aeng |
||
| 082 | _aO152:g, M6 | ||
| 100 |
_aKashyap Shyam Ed. _9466263 |
||
| 245 | 0 | _aHindi ki pragatisheel alochana. | |
| 260 |
_aNew Delhi _bRadhakrishna Prakashan _c1986 |
||
| 300 |
_axvi,372p. _ccm. |
||
| 700 | _a Prasad Kamla Ed. | ||
| 700 |
_a Takur Khagendra Ed. _9466264 |
||
| 942 |
_hO152:g, M6 _cTEXL _2CC |
||
| 999 |
_c779124 _d779124 |
||